LEADER 01448nam 2200325Ia 450 001 996385414603316 005 20200824132220.0 035 $a(CKB)4940000000079131 035 $a(EEBO)2240961483 035 $a(OCoLC)ocm12827042e 035 $a(OCoLC)12827042 035 $a(EXLCZ)994940000000079131 100 $a19851121d1652 uy | 101 0 $aeng 135 $aurbn||||a|bb| 200 04$aThe representation, propositions, and protestation of divers ministers, elders and professors, for themselves, and in name of many others, well-affected ministers, elders, and people in Scotland$b[electronic resource] $epresented by the Lord Wareston, Mr. Andrew Cant, Mr. John Livingston, Mr. Samuel Rutherford and diverse others, to the ministers and elders met at Edinburgh, July 21, 1652 210 $aPrinted at Leith [Scotland] $cby Evan Tyler$d1652 215 $a20 p 300 $aReproduction of original in Huntington Library. 330 $aeebo-0113 607 $aScotland$xHistory$y1649-1660 701 $aWarriston$b Archibald Johnston$cLord,$f1611-1663.$01001116 801 0$bEAA 801 1$bEAA 801 2$bm/c 801 2$bWaOLN 906 $aBOOK 912 $a996385414603316 996 $aThe representation, propositions, and protestation of divers ministers, elders and professors, for themselves, and in name of many others, well-affected ministers, elders, and people in Scotland$92356385 997 $aUNISA LEADER 01587oam 2200469M 450 001 9910715779103321 005 20191123062014.1 035 $a(CKB)5470000002514281 035 $a(OCoLC)1065738146 035 $a(OCoLC)995470000002514281 035 $a(EXLCZ)995470000002514281 100 $a20070221d1851 ua 0 101 0 $aeng 135 $aurcn||||||||| 181 $ctxt$2rdacontent 182 $cc$2rdamedia 183 $acr$2rdacarrier 200 10$aRobert M. Walsh. March 3, 1851. Laid upon the table, and ordered to be printed 210 1$a[Washington, D.C.] :$c[publisher not identified],$d1851. 215 $a1 online resource (2 pages) 225 1 $aHouse report / 31st Congress, 2nd session. House ;$vno. 106 225 1 $a[United States congressional serial set ] ;$v[serial no. 606] 300 $aBatch processed record: Metadata reviewed, not verified. Some fields updated by batch processes. 300 $aFDLP item number not assigned. 606 $aClaims 606 $aExpense accounts 606 $aWages 606 $aForeign ministers 608 $aLegislative materials.$2lcgft 615 0$aClaims. 615 0$aExpense accounts. 615 0$aWages. 615 0$aForeign ministers. 701 $aMcClernand$b John A$g(John Alexander),$f1812-1900$pDemocrat (IL)$01392131 801 0$bWYU 801 1$bWYU 801 2$bOCLCO 801 2$bOCLCQ 906 $aBOOK 912 $a9910715779103321 996 $aRobert M. Walsh. March 3, 1851. Laid upon the table, and ordered to be printed$93478302 997 $aUNINA